Personnalités au hasard #24 - Statistiques

Statistiques générales
  • Ce quiz a été pris 285 fois
  • Le résultat moyen est 9 sur 32
Statistiques - réponses
Par images Réponse % Correct
Bigflo
98%
Katy Perry
77%
Koba LaD
68%
Justin Timberlake
57%
Patricia Kaas
49%
Xavi
49%
David Ginola
48%
Johan Cruyff
46%
Marlène Schiappa
45%
Faustine Bollaert
37%
Jacques Legros
37%
Bruce Toussaint
34%
Matthew McConaughey
33%
Raymond Poulidor
31%
Marine Lorphelin
24%
Peter Dinklage
24%
Marie-Claude Pietragalla
22%
Kim Jennie
13%
Romane Dicko
13%
Louis XIII
12%
Narendra Modī
12%
Sidonie Bonnec
10%
Chiara Mastroianni
9%
Playboi Carti
9%
Kit Connor
8%
Vanessa Guide
8%
Nathalie Renoux
6%
Beatrice Rosen
5%
M.I.A.
5%
Hubertine Auclert
2%
Isild Le Besco
2%
Bassirou Diomaye Faye
1%
Aucun quiz correspondant
Distribution des résultats
% des personnes avec chaque résultat
Percentile par nombre de réponses
Votre historique - résultats
Vous n’avez pas pris ce quiz